| 000 | 00535nam a2200205Ia 4500 | ||
|---|---|---|---|
| 003 | OSt | ||
| 005 | 20230425155442.0 | ||
| 008 | 210423s2003 xx 000 0 und d | ||
| 020 | _a521588448 | ||
| 040 | _cAL | ||
| 041 | _aeng | ||
| 082 |
_a840.99287 _223 _bSTES |
||
| 100 |
_aSTEPHENS (Sonya). _992981 |
||
| 245 | _aHistory of womens writing in france. | ||
| 260 |
_aNew Delhi _bCambridge University Press _c2003 |
||
| 300 |
_aix,314 _bPB |
||
| 365 | _cINR | ||
| 906 | _afrance. ; History ; womens ; writing | ||
| 942 |
_2ddc _cBK |
||
| 999 |
_c161044 _d161044 |
||